000 00663nam a2200241Ia 4500
003 OSt
005 20220926045002.0
006 a|||||r|||| 00| 0
007 ta
008 220923b |||||||| |||| 00| 0 eng d
037 _cGeneral Book
040 _aRTL
_cRTL
_beng
041 _2eng
_aeng
082 _aX796.2.N49t, J1-J1;1/GD
110 _aIndia Local Finance Enquiry Committee 1951
_9348972
245 0 _aReport
260 _c1951
300 _a502p.
_ccm.
500 _aAppendices
700 _aIndia Local Finance Enquiry Committee 1951
_9348973
942 _hX796.2.N49t, J1-J1;1/GD
_cGB
_2CC
999 _c676364
_d676364